| 000 | 00787nam a2200205 a 4500 | ||
|---|---|---|---|
| 999 |
_c633 _d633 |
||
| 008 | 921221s1991 enk l i000 0 eng d | ||
| 015 | _aGB92-20685 | ||
| 020 | _a9280112759 | ||
| 040 | _aUk | ||
| 082 | 0 | 0 |
_a382.4131 _220 _bI339 |
| 110 |
_976 _aInternational Maritime Organization |
||
| 245 | 0 | 0 |
_aInternational code for the safe carriage of grain in bulk (international grain code). _cby International Maritime Organization |
| 260 |
_aLondon : _bInternational Maritime Organization, _c1991. |
||
| 300 |
_av, 35 p. : _bill. ; _c24 cm. |
||
| 500 | _a"IMO publication. Sales number: IMO-240E"--T.p. verso. | ||
| 650 | 0 |
_aGrain _xTransportation _xSafety regulations. |
|
| 650 | 0 |
_aBulk carrier cargo ships _xSafety regulations. |
|
| 710 | 2 | _aInternational Maritime Organization. | |
| 942 | _cBK | ||